The B.E.S.T story successful experience in entrepreneurship education
| Main Author: | |
|---|---|
| Format: | Software eBook |
| Language: | English French Romanian, Moldovan |
| PhysicalDescription: | 1 CD-ROM 12 cm |
| Published: |
Košice
Technická univerzita v Košiciach
2017
|
| ISBN: | 9788055326733 |
| Edition: | Edition 1st |
| Subjects: |
MARC
| LEADER | 00000nam a2200000 4500 | ||
|---|---|---|---|
| 001 | vtls011890807 | ||
| 003 | SK-MaSNL | ||
| 005 | 20260301101931.0 | ||
| 007 | co cg muuua | ||
| 008 | 191002s2017 xo | fqn 000 0 eng | ||
| 015 | |a SNBS2020 | ||
| 020 | |a 9788055326733 |q (elektronická kniha) | ||
| 040 | |a SNK |b slo |c SNK |e rda | ||
| 041 | 0 | |a eng |a fre |a rum | |
| 043 | |a e------ | ||
| 044 | |a xo |c SK | ||
| 072 | 7 | |a 37 |x Výchova a vzdelávanie |2 konspekt | |
| 080 | |a 658.114 |2 2011 | ||
| 080 | |a 37.017:658.114 |2 2011 | ||
| 080 | |a 005.511 |2 2011 | ||
| 080 | |a 37.018.4 |2 2011 | ||
| 080 | |a 378.4 |2 2011 | ||
| 080 | |a (4) |2 2011 | ||
| 080 | |a (036) |2 2011 | ||
| 080 | |a (0.034.44) |2 2011 | ||
| 100 | 1 | |a Ciucan-Rusu, Liviu |4 aut |9 436958 | |
| 245 | 1 | 4 | |a The B.E.S.T story |b successful experience in entrepreneurship education |c author: Liviu Ciucan-Rusu |
| 246 | 3 | 3 | |a Boost your Entrepreneurship Skills in Transylvania |b international summer academy |
| 250 | |a Edition 1st | ||
| 264 | 1 | |a Košice |b Technická univerzita v Košiciach |c 2017 | |
| 300 | |a 1 CD-ROM |c 12 cm | ||
| 336 | |a text |b txt |2 rdacontent | ||
| 337 | |a počítač |b c |2 rdamedia | ||
| 338 | |a počítačový disk |b cd |2 rdacarrier | ||
| 347 | |a textový súbor |b HTM |b PDF |2 rda | ||
| 504 | |a Obsahuje bibliografické odkazy | ||
| 546 | |a Text aj v rumunčine a francúzštine | ||
| 650 | 0 | 7 | |a podnikanie |2 SNKPH |9 1757 |
| 650 | 0 | 7 | |a podnikateľská výchova |2 SNKPH |9 71557 |
| 650 | 0 | 7 | |a podnikateľské projekty |2 SNKPH |9 74213 |
| 650 | 0 | 7 | |a vzdelávacie kurzy |2 SNKPH |9 69184 |
| 650 | 0 | 7 | |a univerzity |2 SNKPH |9 22152 |
| 650 | 0 | 7 | |a Business |2 SNKPHeng |9 268171 |
| 650 | 0 | 7 | |a Entrepreneurship education |2 SNKPHeng |9 336430 |
| 650 | 0 | 7 | |a Business planning |2 SNKPHeng |9 333770 |
| 650 | 0 | 7 | |a Educational courses |2 SNKPHeng |9 333590 |
| 650 | 0 | 7 | |a Universities |2 SNKPHeng |9 265407 |
| 651 | 7 | |a Európa |2 SNKPHgeo |9 167569 | |
| 651 | 7 | |a Europe |2 SNKPHeng |9 56249 | |
| 655 | 7 | |a informačné publikácie |2 SNKPH |9 70181 | |
| 655 | 7 | |a CD-ROM |2 SNKPH |9 70236 | |
| 655 | 7 | |a Information publications |2 SNKPHeng |9 265188 | |
| 919 | |a 978-80-553-2673-3 | ||
| 958 | |a NB | ||
| 999 | |c 690701 |d 692631 | ||
| 952 | |a SNK |b SNK |y PREZ |7 0 |p 17A1389166 |o snkSCDM 10745 |i snk2019/24757 |8 0 |0 0 |1 0 |4 0 |d 2019-10-02 |l 0 |r 2026-02-23 20:26:01 |w 2026-02-23 | ||


